Quantum Groups in Two-Dimensional Physics. (Record no. 5636)

MARC details
000 -LEADER
fixed length control field 00560nam a22001937a 4500
003 - CONTROL NUMBER IDENTIFIER
control field OSt
005 - DATE AND TIME OF LATEST TRANSACTION
control field 20170303144829.0
008 - FIXED-LENGTH DATA ELEMENTS--GENERAL INFORMATION
fixed length control field 170303b xxu||||| |||| 00| 0 eng d
020 ## - INTERNATIONAL STANDARD BOOK NUMBER
International Standard Book Number 0521460654
040 ## - CATALOGING SOURCE
Transcribing agency DDC.
082 ## - DEWEY DECIMAL CLASSIFICATION NUMBER
Classification number 530.143GOM 1996.
100 ## - MAIN ENTRY--PERSONAL NAME
Personal name Go'mez,Cesar;Ruiz-Altaba,Marti;Sierra,German;
9 (RLIN) 11751
245 ## - TITLE STATEMENT
Title Quantum Groups in Two-Dimensional Physics.
260 ## - PUBLICATION, DISTRIBUTION, ETC. (IMPRINT)
Place of publication, distribution, etc. Cambridge .
Name of publisher, distributor, etc. Cambridge University Press.
Date of publication, distribution, etc. 1996.
300 ## - PHYSICAL DESCRIPTION
Extent xiii,457p;
Other physical details ill:
Dimensions 26cm.
504 ## - BIBLIOGRAPHY, ETC. NOTE
Bibliography, etc includes references.
650 ## - SUBJECT ADDED ENTRY--TOPICAL TERM
Topical term or geographic name as entry element Physics.
9 (RLIN) 809
942 ## - ADDED ENTRY ELEMENTS (KOHA)
Source of classification or shelving scheme Dewey Decimal Classification
Koha item type Open Shelf
Holdings
Withdrawn status Lost status Source of classification or shelving scheme Damaged status Not for loan Home library Current library Date acquired Source of acquisition Inventory number Total Checkouts Full call number Barcode Date last seen Price effective from Koha item type
    Dewey Decimal Classification     MUST Main Library MUST Main Library 03/03/2017   05/24667   530.143GOM 1996. 2017-0324 03/03/2017 03/03/2017 Open Shelf
    Dewey Decimal Classification     MUST Main Library MUST Main Library 07/04/2017   05/24666   530.143GOM 1996. 2017-0770 07/04/2017 07/04/2017 Open Shelf